000 00358 a2200109 4500
001 ART_10453
005 20260410161848.0
008 260409a
245 1 0 _aModelos de optimización dinámica para la firma que maximiza ventas
100 1 _aFernandez Pol, Jorge E.
773 0 _tEconómica
_g- Año XVIII, Nº 3 (sep./dic. 1972)
_wREV7541
999 _c24755
_d24755